Did Jesus rise from the dead? : (Record no. 739)

000 -LEADER
fixed length control field 00754nam a2200229 a 4500
001 - CONTROL NUMBER
control field :::00013895$&:&@@
003 - CONTROL NUMBER IDENTIFIER
control field OkBaRHE
005 - DATE AND TIME OF LATEST TRANSACTION
control field 20100324143354.0
008 - FIXED-LENGTH DATA ELEMENTS--GENERAL INFORMATION
fixed length control field s1987 j 000 0 eng u
020 ## - INTERNATIONAL STANDARD BOOK NUMBER
International Standard Book Number 0060635495
040 ## - CATALOGING SOURCE
Transcribing agency
100 1# - MAIN ENTRY--PERSONAL NAME
Personal name Habermas, Gary R. and Flew, Antony G. N.
245 10 - TITLE STATEMENT
Title Did Jesus rise from the dead? :
Remainder of title the resurrection debate.
250 ## - EDITION STATEMENT
Edition statement 1st ed.
260 ## - PUBLICATION, DISTRIBUTION, ETC. (IMPRINT)
Place of publication, distribution, etc San Francisco, CA., :
Name of publisher, distributor, etc Harper & Row
Date of publication, distribution, etc 1987
300 ## - PHYSICAL DESCRIPTION
Extent xvi, 190 p. ;
Dimensions 22 cm.
650 ## - SUBJECT ADDED ENTRY--TOPICAL TERM
Topical term or geographic name as entry element Jesus Christ
General subdivision Resurrection
700 ## - ADDED ENTRY--PERSONAL NAME
Personal name Flew, Antony, 1923- , Joint author.
700 ## - ADDED ENTRY--PERSONAL NAME
Personal name Miethe, Terry L., 1948- , Ed.
942 ## - ADDED ENTRY ELEMENTS (KOHA)
Source of classification or shelving scheme
Koha item type Books
Copies
Shelving location Collection code Damaged status Price effective from Lost status Source of classification or shelving scheme Permanent Location Koha item type Date acquired Withdrawn status Date last seen Copy number Full call number Not for loan Barcode
General StacksReference 2010-04-14  RHEMA Bible Training CollegeBooks2010-04-14 2010-04-141BT 481 .H27 13895